Statistics for Quiz Flag Of Caribbean

Click here to take the quiz!

General Stats

  • This quiz has been taken 16 times
    (10 since last reset)
  • The average score is 25 of 29

Answer Stats

Answer% Correct
Antigua and Barbuda
100%
Bahamas
100%
Barbados
100%
Bermuda
100%
Anguilla
89%
British Virgin Islands
89%
Cayman Island
89%
Cuba
89%
Dominica
89%
Dominican Republic
89%
Grenada
89%
Haiti
89%
Jamaica
89%
Martinique
89%
Saint Kitts and Nevis
89%
Saint Lucia
89%
Saint Vincent and the Grenadines
89%
Trinidad and Tobago
89%
US Virgin Islands
89%
Aruba
78%
Curacao
78%
Guadeloupe
78%
Montserrat
78%
Puerto Rico
78%
Saint Martin
78%
Sint Maarten
78%
Bonaire
67%
Saint Barthelemy
67%
Turks and Caicos Island
67%

Score Distribution

Percentile by Number Answered

Percent of People with Each Score

Your Score History

You have not taken this quiz since the last reset